00446nam a2200157Ia 450000100060000000800410000602000180004704000130006508200210007810000210009924500840012026000540020430000110025854600070026965000120027651286140502s9999 xx 000 0 und d a9780199066063 cPK-LaUMT a 954.0359bWOL-S aWolpert, Stanley aShamful flightbthe last years of the British Empire in IndiacWolpert, Stanley aKarachi,Pakistan:bOxford University Press,c2012 a238 p. aEN aHistory